000 00207nam a22000857a 4500
008 161124b xxu||||| |||| 00| 0 eng d
100 _91349
_aClutterbuck.P.
245 _aGrammar Practics
260 _aUSA
_bTCR
_c2011
999 _c4063
_d4063